00809nam a2200229 a 450000100060000000300080000600500170001400800410003103500190007204000270009104100080011808200240012610000580015024500720020826000330028030000340031350400370034765000290038494200120041399900170042595201370044272617BD-RjUL20211209082304.0170521s1963 enka b 001 0 eng d a(BD-RjUL)72835 aHCJcHCJdBD-RjULbeng aeng 223a536.7bCRH 19631 aCrawford, Franzo H.q(Franzo Hazlett),d1900-921479510aHeat, thermodynamics, and statistical physics /cFranzo H. Crawford aLondon :bHart-Davis,c1963. axix, 700 p. :bill. ;c24 cm. aIncludes index and bibliography. aThermodynamics. 9214796 2ddccBK c72617d72617 00102ddc40718NFICaRUCLbRUCLcReadingd1966-06-30eAsia Foundationl0o536.7 CRH 1963r2017-05-21 00:00:00tC-1w2017-05-21yBK